LEADER 00941nam a2200253 i 4500 001 991000467619707536 005 20020506130808.0 008 000925s|||| it ||| | ita 020 $a8806154710 035 $ab10704681-39ule_inst 035 $aEXGIL146183$9ExL 040 $aDip.to Filol. Ling. e Lett.$bita 100 1 $aVernant, Jean Pierre$0143529 245 13$aL'universo, gli dei, gli uomini :$bil racconto del mito /$cJean-Pierre Vernant 260 $aTorino :$bEinaudi,$c2000 300 $a216 p. ;$c22 cm. 650 4$aMito$xSaggi 740 3 $aL'univers, les Dieux, les Hommes $brécits grecs des origines 907 $a.b10704681$b02-04-14$c28-06-02 912 $a991000467619707536 945 $aLE008 Cr Q V 48$g1$i2008000022921$lle008$o-$pE0.00$q-$rl$s- $t0$u3$v1$w3$x0$y.i10800104$z28-06-02 996 $aNiverso, gli dei, gli uomini$9909179 997 $aUNISALENTO 998 $ale008$b01-01-00$cm$da $e-$fita$git $h3$i1 LEADER 01240oam 2200409zu 450 001 9910146864203321 005 20241212215546.0 010 $a9781509085293 010 $a1509085297 035 $a(CKB)1000000000525455 035 $a(SSID)ssj0001107093 035 $a(PQKBManifestationID)12472570 035 $a(PQKBTitleCode)TC0001107093 035 $a(PQKBWorkID)11075223 035 $a(PQKB)11682308 035 $a(NjHacI)991000000000525455 035 $a(EXLCZ)991000000000525455 100 $a20160829d2006 uy 101 0 $aeng 135 $aur||||||||||| 181 $ctxt 182 $cc 183 $acr 200 00$a2007 International Symposium on VLSI Technology 210 31$a[Place of publication not identified]$cIEEE$d2006 215 $a1 online resource 300 $aBibliographic Level Mode of Issuance: Monograph 311 08$a9781424405848 311 08$a142440584X 606 $aIntegrated circuits$xVery large scale integration$vCongresses 615 0$aIntegrated circuits$xVery large scale integration 676 $a621.38195835 801 0$bPQKB 906 $aPROCEEDING 912 $a9910146864203321 996 $a2007 International Symposium on VLSI Technology$92506415 997 $aUNINA